000 00285nam a22001337a 4500
008 170714b xxu||||| |||| 00| 0 eng d
020 _a394325451
041 _aeng
080 _a101
100 _a24
101 _aFJA
245 _aPERSONS AND THEIR WORLD
_cOLEN,J
942 _2udc
_cBK
999 _c20759
_d20759